Fundamentals of biostatistics (biometry). (Record no. 213708)
[ view plain ]
| 000 -LEADER | |
|---|---|
| fixed length control field | 00444nam a2200169Ia 4500 |
| 008 - FIXED-LENGTH DATA ELEMENTS--GENERAL INFORMATION | |
| fixed length control field | 210719s2003 xx 000 0 und d |
| 020 ## - INTERNATIONAL STANDARD BOOK NUMBER | |
| International Standard Book Number | 818571214X |
| 041 ## - LANGUAGE CODE | |
| Language code of text/sound track or separate title | eng |
| 082 ## - DEWEY DECIMAL CLASSIFICATION NUMBER | |
| Classification number | 519.50574KAK PRAF |
| 100 ## - MAIN ENTRY--PERSONAL NAME | |
| Personal name | PRASAD (Satguru) |
| 245 ## - TITLE STATEMENT | |
| Title | Fundamentals of biostatistics (biometry). |
| 260 ## - PUBLICATION, DISTRIBUTION, ETC. | |
| Place of publication, distribution, etc. | Delhi |
| Name of publisher, distributor, etc. | Emkay Publishers |
| Date of publication, distribution, etc. | 2003 |
| 300 ## - PHYSICAL DESCRIPTION | |
| Extent | 168 |
| Other physical details | PB |
| 365 ## - TRADE PRICE | |
| Price amount | 30 |
| Currency code | Rs |
| 650 ## - SUBJECT ADDED ENTRY--TOPICAL TERM | |
| Topical term or geographic name entry element | Biostatistics |
| 906 ## - LOCAL DATA ELEMENT F, LDF (RLIN) | |
| a | Biostatistics biometry |
| Withdrawn status | Lost status | Damaged status | Not for loan | Collection code | Home library | Current library | Date acquired | Cost, normal purchase price | Total Checkouts | Full call number | Barcode | Date last seen | Price effective from | Koha item type |
|---|---|---|---|---|---|---|---|---|---|---|---|---|---|---|
| St Aloysius Library | St Aloysius Library | 08/01/2003 | 30.00 | 519.50574KAK PRAF | D02261 | 07/19/2021 | 07/19/2021 | Donated Books |